Statistiques concernant Scientifiques par lettre - G

Cliquez ici pour prendre le quiz!

Statistiques générales

  • Ce quiz a été pris 99 fois
  • Le résultat moyen est 2 sur 8

Statistiques - réponses

IndiceRéponse% Correct
Il a développé la lunette astronomiqueGalilée
97%
Il aurait découvert la formule de la somme des n premiers entiers à seulement 5 ansCarl Friedrich Gauss
42%
Mathématicien mort durant un duel à l'âge de 20 ansEvariste Galois
32%
Particulièrement connu pour son théorème d'incomplétude en mathématiquesKurt Gödel
18%
A établi (comme Ostrogradski) le théorème de flux-divergenceGeorge Green
17%
Il a beaucoup étudié les gaz. Une loi de la thermodynamique porte son nomJoseph Louis Gay-Lussac
14%
Anatomiste grec ayant beaucoup pratiqué la saignéeClaude Galien
7%
Il a mis au point un des premiers prototypes de fusées à ergols liquidesRobert Goddard
1%

Distribution des résultats

Percentile par nombre de réponses

% des personnes avec chaque résultat

Votre développement - résultats

Vous n’avez pas pris ce quiz